Guinea-Bissau First Level Subdivisions - Statistics

General Stats
  • This quiz has been taken 154 times
  • The average score is 5 of 9
Answer Stats
Regiões % Correct
Bissau
95%
Oio
58%
Bafatá
50%
Bolama
50%
Gabu
50%
Cacheu
47%
Biombo
45%
Quinara
39%
Tombali
39%
No matching quizzes found
Score Distribution
Percent of People with Each Score
Percentile by Number Answered
Your Score History
You have not taken this quiz